naruto quizz - Statistics

General Stats
  • This quiz has been taken 890 times
  • The average score is 9 of 15
Answer Stats
Hint Answer % Correct
the nine tailed foxes name kurama
97%
what is the name of naruto and hinatas child boruto
92%
what eye ability does the hyuga clan possess byakugan
90%
what was the name of kakashis old teammate rin
86%
who took over the lead of team 7 in kakashi's absence yamato
81%
what is the name of the first hokage hashirama
77%
who took over after tsunade as hokage for a short period of time danzo
68%
what colour is shisui's suu'sano green
67%
what did naruto and sasuke lose in their final battle arm
64%
named after the leaf village konohamaru
63%
what is the reanimation jutsu otherwised called edo tensei
48%
what is the name of the lightning jutsu that sasuke used against itachi in their last battle Kirin
42%
what is the name of sasukes team hebi
34%
sasukes teammates (not team 7) jugo, karin, suigetsu
10%
what does sasuke do to madara to end the fight cuts him in half
2%
No matching quizzes found
Score Distribution
Percent of People with Each Score
Percentile by Number Answered
Your Score History
You have not taken this quiz